[Event "TCh-FRA Nat1 GpA"]
[Site "Nancy FRA"]
[Date "2004.01.30"]
[Round "1"]
[White "Aguettaz,M"]
[Black "Mensch,E"]
[Result "1/2-1/2"]
[WhiteElo "2344"]
[BlackElo "2355"]

1.e4 d6 2.d4 Nf6 3.Nc3 Nbd7 4.g3 e5 5.Nge2 c6 6.a4 Be7 7.Bg2 O-O 8.O-O b6
9.h3 Ba6 10.Be3 Bxe2 11.Nxe2 Re8 12.g4 d5 13.g5 Nxe4 14.h4 Nd6 15.Ng3 Bf8
16.b3 Rc8 17.a5 exd4 18.Bxd4 Nc5 19.axb6 axb6 20.Qg4 Nce4 21.Bxe4 Nxe4 22.Nf5 g6
23.Ne3 c5 24.Bb2 d4 25.Ng2 Nd6 26.Nf4 h5 27.gxh6 Bxh6 28.Bc1 Bxf4 29.Bxf4 Nf5
30.Bg5 Qd5 31.Ra7 Qe4 32.Qxe4 Rxe4 33.Rfa1 Nxh4 34.Bf6 g5 35.Rd7 Re6 36.Bd8 Nf3+
37.Kg2 Ne5 38.Rd5 f6 39.Bxf6 Rxf6 40.Rxe5 Rg6 41.Ra7 Rg7 42.Rxg7+ Kxg7 43.Rxg5+ Kf6
44.Rd5 Ra8 45.b4 cxb4  1/2-1/2

[Event "9th HIT Open"]
[Site "Nova Gorica SLO"]
[Date "2004.01.30"]
[Round "1"]
[White "Zorko,Ju"]
[Black "Solak,D"]
[Result "1/2-1/2"]
[WhiteElo "2310"]
[BlackElo "2546"]

1.e4 d6 2.d4 Nf6 3.Nc3 e5 4.Nf3 Nbd7 5.Bc4 Be7 6.O-O O-O 7.Re1 c6 8.a4 a5
9.h3 h6 10.b3 Nh7 11.Ba3 Ng5 12.Nxg5 hxg5 13.d5 Qc7 14.Qd2 Nb6 15.Rad1 Rd8
16.Be2 g6 17.Qe3 Bd7 18.Rd2 Be8 19.Red1 f6 20.Bg4 Bf7 21.Be6 Bxe6 22.dxe6 Bf8
23.h4 gxh4  1/2-1/2

[Event "9th HIT Open"]
[Site "Nova Gorica SLO"]
[Date "2004.01.30"]
[Round "1"]
[White "Nevednichy,V"]
[Black "Olarasu,G"]
[Result "1-0"]
[WhiteElo "2548"]
[BlackElo "2311"]

1.e4 d6 2.d4 Nf6 3.Nc3 e5 4.Nf3 exd4 5.Nxd4 Be7 6.Bf4 O-O 7.Qd2 Nc6 8.O-O-O Nxd4
9.Qxd4 Be6 10.f3 a6 11.g4 b5 12.Nd5 Nxd5 13.exd5 Bd7 14.h4 c5 15.dxc6 Bxc6
16.Qf2 Qc7 17.g5 f6 18.g6 hxg6 19.Bd3 f5 20.Qg3 Rf6 21.h5 g5 22.Bxg5 Rf7
23.Bf4 Qb7 24.Rh3 Bf8 25.h6 Rf6 26.Rg1 Qf7 27.hxg7 Bxg7 28.Qh4 Kf8 29.Rhg3  1-0

[Event "9th HIT Open"]
[Site "Nova Gorica SLO"]
[Date "2004.01.30"]
[Round "1"]
[White "Barle,J"]
[Black "Stubljar,A"]
[Result "1/2-1/2"]
[WhiteElo "2394"]
[BlackElo "2077"]

1.e4 d6 2.d4 Nf6 3.Nc3 c6 4.a4 Qa5 5.Bd2 Qb6 6.Nf3 Bg4 7.a5 Qc7 8.Be2 e5
9.Be3 Nbd7 10.O-O Be7 11.h3 Bh5 12.Re1 O-O 13.Nd2 Bxe2 14.Qxe2 Rfe8 15.dxe5 dxe5
16.Qc4 Qd6 17.Nb3 b5 18.axb6 axb6 19.Rad1 b5 20.Qe2 Qe6 21.f3 Nh5 22.Qd2 Red8
23.Qf2 Qg6 24.Ne2 Nf8 25.Bc5 Qg5 26.Bxe7 Qxe7 27.Nc5 Ng6 28.g3 Rxd1 29.Rxd1 Rd8
30.Rxd8+ Qxd8 31.Nd3 Qg5  1/2-1/2

[Event "9th HIT Open"]
[Site "Nova Gorica SLO"]
[Date "2004.01.31"]
[Round "3"]
[White "Cebalo,M"]
[Black "Solak,D"]
[Result "1/2-1/2"]
[WhiteElo "2475"]
[BlackElo "2546"]

1.d4 d6 2.e4 Nf6 3.Nc3 e5 4.dxe5 dxe5 5.Qxd8+ Kxd8 6.Bg5 Be6 7.f4 exf4 8.Nf3 Kc8
9.Bxf4 Bb4 10.Bd2 Nbd7 11.a3 Bc5 12.Bd3 Ng4 13.Na4 Bd6 14.Bb4 c5 15.Bd2 Re8
16.Be2 Bc4 17.Bxc4 Rxe4+ 18.Be2 Rxa4 19.O-O Re4 20.Bd3 Re7 21.h3 Nge5 22.Nxe5 Bxe5
23.Rae1 Kc7 24.c3 Rae8 25.Rf3 g6 26.g4 Bd4+ 27.Kf1 Rxe1+ 28.Bxe1 Re3 29.Rxf7 Rxd3
30.cxd4 Rxh3 31.dxc5 Kc6 32.Kg2 Rb3 33.Bc3 Nxc5 34.Rxh7 Ne4 35.Rh6 Nxc3 36.Rxg6+ Kc7
37.Rg7+ Kb6 38.bxc3 Rxa3 39.Rg6+ Kb5 40.Rg7 Kb6 41.Rg6+ Kb5 42.Rg7 Kb6 43.Rg6+ Kb5
44.Rg7 Kb6  1/2-1/2

[Event "TCh-FRA Nat1 GpA"]
[Site "Evry FRA"]
[Date "2004.02.01"]
[Round "3"]
[White "Rublevsky,S"]
[Black "Hernandez,Gi"]
[Result "1-0"]
[WhiteElo "2655"]
[BlackElo "2538"]

1.e4 d6 2.d4 Nf6 3.Nc3 e5 4.dxe5 dxe5 5.Qxd8+ Kxd8 6.Bc4 Ke8 7.Nf3 Bd6 8.Bg5 Be6
9.Nd2 Nbd7 10.O-O-O h6 11.Bh4 Ke7 12.Bxe6 fxe6 13.Nc4 Nb6 14.Nxb6 axb6 15.f3 b5
16.Nxb5 Rxa2 17.Kb1 Ra5 18.c4 Rha8 19.Kc2 Ra4 20.Kb3 R8a6 21.Rd3 Ra1 22.Rhd1 Rxd1
23.Rxd1 Ra5 24.Kc3 Ra4 25.b4 b6 26.Be1 Ra2 27.Bd2 Nd7 28.Kb3 Ra8 29.Be3 Ra6
30.h4 Ra8 31.h5 Ra6 32.g4 Ra8 33.g5 hxg5 34.Bxg5+ Nf6 35.Be3 Nd7 36.Rg1 Kf7
37.h6 gxh6 38.Bxh6 Rh8 39.Rg7+  1-0

[Event "IM"]
[Site "Marianske Lazne CZE"]
[Date "2004.02.01"]
[Round "11"]
[White "Slaby,J"]
[Black "Pribyl,Jo"]
[Result "1/2-1/2"]
[WhiteElo "2405"]
[BlackElo "2371"]

1.e4 d6 2.d4 Nf6 3.Nc3 e5 4.Nf3 Nbd7 5.Bc4 Be7 6.O-O O-O 7.Re1 c6 8.a4 Qc7
9.a5 Rb8 10.Bg5 h6 11.Bxf6 Nxf6 12.Bb3 Bg4 13.d5 a6 14.h3 Bxf3 15.Qxf3 c5
16.Bc4 g6 17.g3 Kg7 18.Qe3 Nh7 19.f4 Bf6 20.Kg2 h5 21.f5 h4 22.Rf1 Bg5 23.Qf3 hxg3
24.Ne2 Qd8 25.Qxg3 Bh4 26.Qg4 Qg5 27.Qxg5 Bxg5 28.Ra3 Nf6 29.Nc3 Rh8 30.Rb3 Bd2
31.fxg6 fxg6 32.Rb6 Bxc3 33.bxc3 Nxe4 34.Bd3 Nxc3 35.Rxd6 e4 36.Rd7+ Kh6
37.Bc4 Rhd8 38.Rff7 Rxd7 39.Rxd7 b5 40.axb6 Rxb6 41.d6 Nb5 42.Bxb5 axb5 43.Rd8 Kg7
44.d7 Rd6 45.Kf2 Kf7 46.Ke3 Ke7 47.Rc8 Kxd7  1/2-1/2

[Event "TCh-FRA Nat1 GpA"]
[Site "Nancy FRA"]
[Date "2004.02.01"]
[Round "3"]
[White "Milliet,S"]
[Black "Koch,JR"]
[Result "1/2-1/2"]
[WhiteElo "2326"]
[BlackElo "2445"]

1.e4 d6 2.d4 Nf6 3.Nc3 Nbd7 4.f4 e5 5.Nf3 exd4 6.Qxd4 c6 7.Be3 d5 8.exd5 Bc5
9.Qd3 Qe7 10.Nd4 Nb6 11.dxc6 bxc6 12.O-O-O O-O 13.Bf2 Qc7 14.Bg3 Bg4 15.f5 Qc8
16.Nf3 Bxf5 17.Qa6 Nbd5 18.Nxd5 cxd5 19.Qxc8 Raxc8 20.Bd3 Be4 21.Rhe1 Rfe8
22.Ba6 Be3+ 23.Rxe3 Rxc2+ 24.Kb1 Rd2+ 25.Kc1 Rc2+ 26.Kb1 Rd2+ 27.Kc1 Rc2+  1/2-1/2

[Event "TCh-FRA Nat1 GpA"]
[Site "Nancy FRA"]
[Date "2004.02.01"]
[Round "3"]
[White "Marzolo,C"]
[Black "Mensch,E"]
[Result "1-0"]
[WhiteElo "2462"]
[BlackElo "2355"]

1.d4 d6 2.e4 Nf6 3.Nc3 Nbd7 4.Nf3 e5 5.Bc4 Be7 6.O-O O-O 7.Re1 c6 8.a4 b6
9.d5 cxd5 10.Nxd5 Bb7 11.a5 Nxd5 12.exd5 Rc8 13.b3 a6 14.Bf1 b5 15.c4 bxc4
16.Bxc4 Rc5 17.Bd2 Qa8 18.Bb4 Rxd5 19.Bxd5 Bxd5 20.Re3 Rb8 21.Ba3 f5 22.Rc1 Bf8
23.Rc7 Nf6 24.Rec3 Be4 25.Ng5 Bxg2 26.f3 h6 27.Ne6 Bh3 28.Bxd6 Nd5 29.Bxf8 Nxc3
30.Qd7  1-0

[Event "9th HIT Open"]
[Site "Nova Gorica SLO"]
[Date "2004.02.01"]
[Round "4"]
[White "Jaracz,P"]
[Black "Jurkovic,A"]
[Result "1-0"]
[WhiteElo "2540"]
[BlackElo "2319"]

1.e4 d6 2.d4 Nf6 3.Nc3 Nbd7 4.Be3 e5 5.f3 c6 6.Qd2 b5 7.O-O-O Qa5 8.Kb1 Be7
9.g4 b4 10.Nce2 c5 11.g5 Nh5 12.dxe5 Nxe5 13.Ng3 Be6 14.b3 g6 15.Nxh5 gxh5
16.f4 Ng4 17.Nf3 Nxe3 18.Qxe3 O-O-O 19.f5 Bd7 20.Bc4 Be8 21.f6 Bf8 22.Rd2 h6
23.h4 Qc7 24.Qf4 Bc6 25.Bd5 Bb5 26.Rg2 Kb8 27.g6 fxg6 28.Rxg6 Bd7 29.Rhg1 Bg4
30.f7 Rh7 31.Nh2 Bc8 32.Rg8 Qe7 33.R1g6 Kc7 34.Nf1 Qe5 35.Qxe5 dxe5 36.Ne3 Bb7
37.Rf6 Bc8 38.Nc4 Bb7 39.Nxe5  1-0

[Event "9th HIT Open"]
[Site "Nova Gorica SLO"]
[Date "2004.02.02"]
[Round "5"]
[White "Djingarova,E"]
[Black "Nikolov,Sas"]
[Result "0-1"]
[WhiteElo "2344"]
[BlackElo "2407"]

1.e4 d6 2.d4 Nf6 3.Nc3 c6 4.Nf3 Bg4 5.Be2 e6 6.O-O d5 7.e5 Nfd7 8.Bf4 c5
9.h3 Bxf3 10.Bxf3 Nc6 11.dxc5 Bxc5 12.Na4 Be7 13.Re1 Rc8 14.Rc1 O-O 15.c4 dxc4
16.Bxc6 Rxc6 17.Qg4 Kh8 18.Re3 b5 19.Nc3 Nc5 20.Nxb5 Nd3 21.Rg3 Rg8 22.Nd6 Bxd6
23.Rxd3 cxd3 24.Rxc6 Bb8 25.Qd1 Qd4 26.Qd2 Rd8 27.Rc3 h6 28.g3 Qe4 29.h4 Qe2
30.Rc5 Kh7 31.Rc2 Qe4 32.Rc3 Rd7 33.a3 Bc7 34.Rc1 Bxe5 35.Bxe5 Qxe5 36.b4 Qe2
37.Rd1 Kg6 38.a4 Qxd2 39.Rxd2 Kf5 40.f3 Ke5 41.Kf2 Kd4 42.b5 Rc7 43.Ke1 Rc1+
44.Rd1 Rc2  0-1

[Event "9th HIT Open"]
[Site "Nova Gorica SLO"]
[Date "2004.02.02"]
[Round "6"]
[White "Srebrnic,M"]
[Black "Stubljar,A"]
[Result "1-0"]
[WhiteElo "2225"]
[BlackElo "2077"]

1.e4 d6 2.d4 Nf6 3.Nc3 c6 4.f4 Qa5 5.Bd3 e5 6.dxe5 dxe5 7.Nf3 Nbd7 8.O-O Bc5+
9.Kh1 Ng4 10.Qe2 b5 11.Nd2 Ndf6 12.Nb3 Qb6 13.a4 a5 14.axb5 Bg1 15.Nxa5 Qd8
16.Kxg1 Nxh2 17.Kxh2 Ng4+ 18.Kg1 Qh4 19.g3 Qxg3+ 20.Qg2  1-0

[Event "9th HIT Open"]
[Site "Nova Gorica SLO"]
[Date "2004.02.02"]
[Round "6"]
[White "Mikac,M"]
[Black "Jurkovic,A"]
[Result "1/2-1/2"]
[WhiteElo "2358"]
[BlackElo "2319"]

1.e4 d6 2.d4 Nf6 3.Nc3 Nbd7 4.Nf3 e5 5.Bc4 Be7 6.a4 O-O 7.a5 c6 8.O-O Qc7
9.Bg5 Re8 10.d5 Nf8 11.Bb3 a6 12.Nd2 Nxd5 13.Nxd5 cxd5 14.Bxe7 Rxe7 15.Bxd5 Be6
16.Nc4 Nd7 17.Bxe6 Rxe6 18.b3 Rd8 19.Re1 Qc6 20.Qf3 Nf6 21.Rad1 g6 22.h3 Kg7
23.Re2 Nh5 24.Red2 Nf6 25.Rd5  1/2-1/2

[Event "9th HIT Open"]
[Site "Nova Gorica SLO"]
[Date "2004.02.03"]
[Round "7"]
[White "Gyimesi,Z"]
[Black "Nevednichy,V"]
[Result "1-0"]
[WhiteElo "2553"]
[BlackElo "2548"]

1.d4 d6 2.e4 Nf6 3.Nc3 e5 4.Nf3 exd4 5.Nxd4 Be7 6.Bf4 O-O 7.Qd2 d5 8.Ndb5 Bb4
9.O-O-O c6 10.Nc7 Nxe4 11.Qe3 Bxc3 12.bxc3 g5 13.Qxe4 Qxc7 14.Qxh7+ Kxh7
15.Bxc7 Bf5 16.f3 Nd7 17.g4 Bg6 18.h4 gxh4 19.c4 Rac8 20.Rxh4+ Kg7 21.Ba5 f6
22.Bd3 Kf7 23.f4 Be4 24.g5 Rce8 25.Bf1 Rh8  1-0

[Event "Gibraltar Masters"]
[Site "Catalan Bay ENG"]
[Date "2004.02.04"]
[Round "9"]
[White "Milligan,H"]
[Black "Shaw,J"]
[Result "0-1"]
[WhiteElo "2076"]
[BlackElo "2465"]

1.e4 d6 2.d4 Nf6 3.Nc3 Nbd7 4.Nf3 e5 5.Bc4 Be7 6.O-O O-O 7.h3 c6 8.a4 b6
9.dxe5 dxe5 10.Qe2 Qc7 11.Bg5 Nc5 12.Rad1 a6 13.b4 Ne6 14.Bxf6 Bxf6 15.Nb1 Nf4
16.Qe3 b5 17.Bb3 Be7 18.c3 c5 19.axb5 axb5 20.Bd5 Ra6 21.Kh2 Rg6 22.Rg1 Rd8
23.Na3 Nxd5 24.exd5 e4+ 25.Kh1 exf3 26.Rge1 fxg2+ 27.Kg1 Bd6  0-1

[Event "9th HIT Open"]
[Site "Nova Gorica SLO"]
[Date "2004.02.04"]
[Round "8"]
[White "Mikac,M"]
[Black "Stubljar,A"]
[Result "1-0"]
[WhiteElo "2358"]
[BlackElo "2077"]

1.e4 d6 2.d4 Nf6 3.Nc3 c6 4.f4 Qa5 5.Bd3 e5 6.Nf3 Bg4 7.Be3 Nbd7 8.O-O Be7
9.h3 Bh5 10.g4 exf4 11.Bxf4 Bg6 12.Qe1 Qd8 13.Nh4 O-O 14.Nxg6 hxg6 15.e5 dxe5
16.dxe5 Bc5+ 17.Kg2 Re8 18.Qg3 Nd5 19.Nxd5 cxd5 20.Qf3 Bd4 21.Bxg6 Nxe5 22.Bxe5 Rxe5
23.Qxf7+ Kh8 24.Rae1 Rxe1 25.Rxe1 Qf8 26.Rd1 Qxf7 27.Bxf7 Bxb2 28.Rxd5 g5
29.Rxg5 Bf6 30.Rf5 Kg7 31.Bd5 Rc8 32.c4 Rc7 33.g5 Bd4 34.h4 Kg6 35.Rf4 Be5
36.Rf8 Rd7 37.Re8 Bg7 38.Kh3 b5 39.Kg4 Bc3 40.h5+  1-0

[Event "12th Fajr Open"]
[Site "Isfahan IRI"]
[Date "2004.02.09"]
[Round "4"]
[White "Guliev,L"]
[Black "Darban,M"]
[Result "1-0"]
[WhiteElo "2396"]
[BlackElo "2321"]

1.e4 d6 2.d4 Nf6 3.Nc3 c6 4.Nf3 Bg4 5.a4 e6 6.Be2 Be7 7.O-O d5 8.exd5 cxd5
9.h3 Bh5 10.Ne5 Bxe2 11.Nxe2 Nc6 12.Ng3 h5 13.Re1 h4 14.Nf1 Nxe5 15.dxe5 Nd7
16.Qg4 g6 17.c4 Nb6 18.b3 dxc4 19.a5 Nd5 20.bxc4 Nb4 21.Qe4 Qc8 22.Rd1 Qc6
23.Qf4 Na6 24.Ne3 g5 25.Qg4 Nc5 26.Ba3 Qc7 27.Nd5 exd5 28.cxd5 Qd7 29.e6 fxe6
30.Bxc5 Bxc5 31.Rac1 Qe7 32.dxe6 O-O 33.Rd7 Qf6 34.Kh1 b6 35.Rxc5 bxc5 36.Rd5 Rfe8
37.Rxg5+ Kf8 38.Rf5 Ke7 39.Rxf6 Kxf6 40.Qxh4+ Kxe6 41.Qc4+ Kd6 42.f4 Re1+
43.Kh2 Rae8 44.f5 R8e4 45.Qd3+ Ke5 46.Qc3+ Kd5 47.f6 Ke6 48.Qxc5 Kxf6 49.Qxa7 Re8
50.a6 R1e5 51.Qd4 Kg6 52.a7 Rf5 53.Qd7 Rff8 54.h4 Rd8 55.Qe6+ Kg7 56.h5 Ra8
57.Qd5 Kh7 58.Qb7+ Kh6 59.g4 Rg8 60.Kh3 Rad8 61.Kh4 Rdf8 62.Qe7  1-0

[Event "12th Aosta Open"]
[Site "St Vincent ITA"]
[Date "2004.02.13"]
[Round "7"]
[White "Sulava,N"]
[Black "Klinova,M"]
[Result "1/2-1/2"]
[WhiteElo "2477"]
[BlackElo "2366"]

1.d4 d6 2.e4 Nf6 3.Nc3 e5 4.Nf3 Nbd7 5.Bc4 Be7 6.O-O O-O 7.Re1 c6 8.a4 h6
9.a5 Re8 10.Bd2 Bf8 11.dxe5 Nxe5 12.Nxe5 dxe5 13.Qe2 Bb4 14.Nb1 Bxd2 15.Nxd2 Qc7
16.Red1 Bd7 17.b4 b6 18.Qe3 Rad8 19.f3 Bc8 20.Bb3 Rd7 21.axb6 axb6 22.Nc4 b5
23.Na5 Red8 24.Rd3 Rd4 25.Rxd4 exd4 26.Qd3 Nh5 27.Rd1 Nf4 28.Qd2 Be6 29.g3 Nh3+
30.Kg2 Ng5 31.h4 Nh7 32.c3 c5 33.Bxe6 fxe6 34.Nb3 cxb4 35.cxd4 Qc3 36.Nc5 Nf8
37.Kf2 e5 38.Qxc3 bxc3 39.d5 Rc8 40.Nd3 Nd7 41.Ke2 g5 42.hxg5 hxg5 43.Ra1 g4
44.f4 c2 45.fxe5 Nxe5 46.Rc1 Nf3 47.Nb4 Rc4 48.Nxc2 Rxe4+ 49.Kd3 Rc4 50.Rb1 Ne5+
51.Kd2 Nf3+ 52.Kd3  1/2-1/2

[Event "Bundesliga 2003-4"]
[Site "Tegernsee GER"]
[Date "2004.02.15"]
[Round "9"]
[White "Thiede,L"]
[Black "Beim,V"]
[Result "1/2-1/2"]
[WhiteElo "2435"]
[BlackElo "2518"]

1.e4 d6 2.d4 Nf6 3.Nc3 e5 4.Nf3 Nbd7 5.Bc4 Be7 6.O-O O-O 7.dxe5 Nxe5 8.Nxe5 dxe5
9.Bg5 Qxd1 10.Raxd1 c6 11.h3 h6 12.Bh4 Re8 13.Rfe1 Kf8 14.g4 Nd7 15.Bg3 f6
16.a3 Nc5 17.f3 b5 18.Ba2 a5 19.Ne2 Na4 20.f4 Nxb2 21.Rb1 Bc5+ 22.Kg2 Nc4
23.Bxc4 bxc4 24.fxe5 fxe5 25.a4 Kf7 26.c3 Ke6 27.Ng1 Bd7 28.Nf3 Bd6 29.Red1 Bc8  1/2-1/2

[Event "Tringov mem Open"]
[Site "Plovdiv BUL"]
[Date "2004.02.19"]
[Round "5"]
[White "Janev,E"]
[Black "Ljangov,P"]
[Result "1-0"]
[WhiteElo "2403"]
[BlackElo "2161"]

1.e4 d6 2.d4 Nf6 3.Nc3 c6 4.f4 Qb6 5.e5 Nd5 6.Nxd5 cxd5 7.Bd3 g6 8.c3 Bg7
9.Nf3 O-O 10.O-O dxe5 11.fxe5 Nc6 12.Kh1 f6 13.exf6 exf6 14.Qb3 Qxb3 15.axb3 Be6
16.b4 a6 17.Nd2 Rae8 18.Nb3 Re7 19.Bf4 Rfe8 20.Bd6 Rd7 21.Bg3 Rde7 22.Nc5 Bc8
23.Bc2 Re2 24.Bb3 Rxb2 25.Bxd5+ Kh8 26.Nxa6 Ne7 27.Nc7 Rd8 28.Be6 Bxe6 29.Nxe6 Rc8
30.Ra7 Re2 31.Nxg7 Kxg7 32.Rxb7 Rxc3 33.Bd6 Kf7 34.b5 Ke8 35.b6 Rb3 36.Rc1 Re6
37.Bc5 h5 38.Ra1 Nc8 39.h3 Rbxb6 40.Bxb6 Rxb6 41.Rg7 g5 42.Ra8 Rc6 43.d5 Rc1+
44.Kh2 Kd8 45.d6  1-0

[Event "Tringov mem Open"]
[Site "Plovdiv BUL"]
[Date "2004.02.19"]
[Round "5"]
[White "Pelitov,D"]
[Black "Drenchev,P"]
[Result "1/2-1/2"]
[WhiteElo "2191"]
[BlackElo "2415"]

1.e4 d6 2.d4 Nf6 3.Nc3 Nbd7 4.Bc4 e5 5.Nf3 Be7 6.O-O O-O 7.Qe2 c6 8.a4 b6
9.Rd1 Qc7 10.h3 Bb7 11.dxe5 Nxe5 12.Bb3 Rfe8 13.Nd4 Rac8 14.Nf5 Ng6 15.Qf3 d5
16.exd5 Nxd5 17.Nxd5 cxd5 18.Nxe7+ Qxe7 19.Qg3 Qf6 20.Be3 Ne7 21.Bd4 Qh6
22.Qf3 Ba6 23.Re1 Bc4 24.Bxc4 dxc4 25.Qe3 Qxe3 26.Rxe3 Nc6 27.Rxe8+ Rxe8
28.Bc3 f6 29.Rd1 Kf7 30.Rd6 Re6 31.Rd7+ Re7 32.Rd6 Rc7 33.g4 Ke7 34.Rd5 Ke6
35.Rd1 a6 36.f4 g6 37.Re1+ Kf7 38.Rd1 Ke6 39.Re1+ Kf7 40.Rd1 Ke6  1/2-1/2

[Event "5th Montenegro Open"]
[Site "Sozina SCG"]
[Date "2004.02.20"]
[Round "3"]
[White "Lanka,Z"]
[Black "Murariu,A"]
[Result "1-0"]
[WhiteElo "2467"]
[BlackElo "2364"]

1.e4 d6 2.d4 Nf6 3.Nc3 e5 4.Nf3 Nbd7 5.Bc4 Be7 6.O-O O-O 7.Re1 c6 8.a4 a5
9.h3 h6 10.b3 exd4 11.Nxd4 Nc5 12.Bb2 Re8 13.Qf3 Bf8 14.Rad1 Qc7 15.Nf5 Bxf5
16.Qxf5 Rad8 17.Bc1 Qe7 18.Re2 Nfd7 19.Rxd6 Qxd6 20.Qxf7+ Kh7 21.Qg8+ Kg6
22.Bf7+ Kf6 23.Bb2 Ne5 24.Bxe8 Rxe8 25.f4 Kg6 26.fxe5 Qxe5 27.Nd1 Qd6 28.Nf2 Ne6
29.Nd3 Ng5 30.Rf2 Qg3 31.Kf1 Nxe4 32.Qf7+ Kh7 33.Qxe8 Nxf2 34.Nxf2 Bc5 35.Qe4+  1-0

[Event "Open"]
[Site "Jersey JCI"]
[Date "2004.02.22"]
[Round "1"]
[White "Kemp,Pa"]
[Black "Gwaze,R"]
[Result "0-1"]
[WhiteElo "2050"]
[BlackElo "2345"]

1.d4 Nf6 2.Nc3 d6 3.e4 c6 4.Nf3 Qa5 5.Bd3 e5 6.O-O Be7 7.h3 O-O 8.Bd2 Qc7
9.Qe2 Re8 10.Rad1 Nbd7 11.Rfe1 Nf8 12.Bc4 h6 13.a4 Ne6 14.Be3 Bf8 15.Bb3 exd4
16.Nxd4 Nc5 17.Qf3 Nxb3 18.Nxb3 Nd7 19.Qg3 Kh7 20.f4 a6 21.Nd4 Nc5 22.Bf2 b5
23.axb5 axb5 24.e5 dxe5 25.fxe5 b4 26.Nb1 Ra1 27.c3 bxc3 28.bxc3 Kg8 29.Kh1 g6
30.Qf4 Rxb1 31.Rxb1 Nd3 32.Qf3 Nxe1 33.Bxe1 c5 34.Nb5 Qxe5 35.Bg3 Qf5 36.Qxf5 Bxf5
37.Rd1 c4 38.Rd4 Bd3 39.Rd7 Re3 40.Bf4 Re1+ 41.Kh2 g5 42.Bg3 Re2 43.Nd4 Re8
44.Nc6 Bg7 45.Nd8 f5 46.Nf7 f4 47.Bf2 Re2 48.Bd4 Be4 49.Kg1 Bxd4+ 50.cxd4 Rxg2+
51.Kf1 f3 52.Nxh6+ Kf8 53.Rf7+ Ke8 54.Rf6 Bd3+ 55.Ke1 Re2+ 56.Kd1 f2  0-1

[Event "ch-CZE w"]
[Site "Karlovy Vary CZE"]
[Date "2004.02.22"]
[Round "3"]
[White "Sikorova,O"]
[Black "Modrova,H"]
[Result "1-0"]
[WhiteElo "2244"]
[BlackElo "2079"]

1.e4 d6 2.d4 Nf6 3.Nc3 c6 4.f4 Qa5 5.Bd3 e5 6.Nf3 Bg4 7.Be3 exd4 8.Bxd4 Nbd7
9.Qd2 Be7 10.O-O O-O-O 11.Nd5 Qxd2 12.Nxe7+ Kb8 13.Nxd2  1-0

[Event "5th Montenegro Open"]
[Site "Sozina SCG"]
[Date "2004.02.22"]
[Round "5"]
[White "Nestorovic,N"]
[Black "Kizov,A"]
[Result "1-0"]
[WhiteElo "2152"]
[BlackElo "2345"]

1.e4 d6 2.d4 Nf6 3.Nc3 e5 4.Nf3 Nbd7 5.Bc4 Be7 6.Bxf7+ Kxf7 7.Ng5+ Kg8 8.Ne6 Qe8
9.Nxc7 Qg6 10.Nxa8 Qxg2 11.Rf1 b6 12.Qd3 Bb7 13.Nc7 exd4 14.Qc4+ d5 15.N3xd5 Nxd5
16.exd5 Ne5 17.Qe2 Nf3+ 18.Kd1 h6 19.Bf4 Kh7 20.Qe4+ Kg8 21.Ke2 Bc8 22.Bg3 Ng1+
23.Kd3 Qh3 24.Qxe7 Bf5+ 25.Kc4 Nf3 26.Rad1 Kh7 27.Be5 Qg4 28.h3 Qg6 29.Qd6 Qg2
30.Kb3 Qxh3 31.Bg3 Rc8 32.Qf4 Qh5 33.Rh1 Qf7 34.Ka3 Qf8+ 35.Qd6 Qf7 36.Rd3 Bxd3
37.cxd3 Qf5 38.Rd1 Qh5 39.Qf4 Ne5 40.Qxe5 Qxd1 41.Qf5+  1-0

[Event "1st Balagne Open"]
[Site "Calvi FRA"]
[Date "2004.02.24"]
[Round "5"]
[White "Ginsburg,G"]
[Black "Bojkov,D"]
[Result "1-0"]
[WhiteElo "2486"]
[BlackElo "2415"]

1.e4 d6 2.d4 Nf6 3.Nc3 e5 4.Nge2 Nc6 5.d5 Ne7 6.Bg5 Ng6 7.f3 Be7 8.h4 Nh5
9.Bxe7 Qxe7 10.Qd2 h6 11.O-O-O Bd7 12.g3 O-O-O 13.Qe3 Kb8 14.Bh3 Bxh3 15.Rxh3 Qd7
16.Rhh1 Ne7 17.g4 Nf6 18.Kb1 Ng6 19.Ng3 Nf4 20.Nce2 Nxe2 21.Qxe2 g6 22.h5 Ng8
23.Qe3 g5 24.Rd3 Ne7 25.c4 Rc8 26.c5 dxc5 27.Qxc5 Qd6 28.Rc1 Qxc5 29.Rxc5 Rhd8
30.Nf1 Rd7 31.Ne3 f6 32.Rcc3 Rcd8 33.Kc2 Nc8 34.Nc4 Nd6 35.Na5 Ka8 36.a4 Kb8
37.b4 Rf8 38.b5 Rg7 39.Nb3 b6 40.Rc6 Kb7 41.Rdc3 Ra8 42.Nd2 Rd8 43.Nf1 Re7
44.Ne3 Rf7 45.Kb3 Rdd7 46.Kb4 Rd8 47.a5 Kb8 48.Ra3 Kb7 49.Rc1 Rff8 50.Rc6 Rf7
51.Rac3 Kb8 52.Rc1 Kb7 53.R6c3 Re7 54.Rc6 Rf7 55.R1c2 Kb8 56.Rc1 Kb7 57.a6+ Kb8
58.Rxd6 Rxd6 59.Nf5 Rh7 60.Rc6 Rxc6 61.bxc6 Kc8 62.Ne3 Kd8 63.Nc4 Ke7 64.Na3 Rh8
65.Nb5 Rc8 66.Kc4 Kd8 67.d6 cxd6 68.Kd5 Ke7 69.Nxa7 Ra8 70.c7 Kd7 71.c8=Q+ Rxc8
72.Nxc8 Kxc8 73.Kc6  1-0

[Event "ch-CZE w"]
[Site "Karlovy Vary CZE"]
[Date "2004.02.24"]
[Round "5"]
[White "Zakoucka,A"]
[Black "Modrova,H"]
[Result "1-0"]
[WhiteElo "2027"]
[BlackElo "2079"]

1.e4 d6 2.d4 Nf6 3.Nc3 c6 4.f4 Qa5 5.e5 Ne4 6.Bd3 Nxc3 7.Qd2 dxe5 8.fxe5 g6
9.Nf3 Bg7 10.O-O O-O 11.bxc3 b5 12.Ng5 h6 13.Ne4 Qd8 14.Qf4 Bf5 15.Qh4 Bxe4
16.Bxe4 e6 17.Qh3 b4 18.Bxh6 bxc3 19.Bxg6 fxg6 20.Qxe6+ Kh7 21.Rxf8 Bxf8
22.Bxf8 Qxf8 23.Rf1 Qd8 24.Rf7+ Kh6 25.Qh3+ Kg5 26.Qe3+  1-0

[Event "5th Montenegro Open"]
[Site "Sozina SCG"]
[Date "2004.02.24"]
[Round "7"]
[White "Benderac,S"]
[Black "Scekic,M"]
[Result "1-0"]
[WhiteElo "2306"]
[BlackElo "2423"]

1.e4 c6 2.d4 d6 3.Nc3 Nf6 4.f4 Qa5 5.Bd3 e5 6.dxe5 dxe5 7.Nf3 Bg4 8.O-O Nbd7
9.Qe1 Bd6 10.f5 Bxf3 11.Rxf3 Nc5 12.Bd2 Qb6 13.Kh1 O-O-O 14.Rb1 Nxd3 15.cxd3 Rhe8
16.b4 Bf8 17.Be3 Qc7 18.Bg1 Kb8 19.a4 b6 20.b5 Rd7 21.a5 c5 22.axb6 axb6
23.Ra1 Red8 24.Qb1 Qb7 25.Ra6 Rd6 26.Na4 Ne8 27.Nb2 Nc7 28.Ra1 Nxb5 29.Nc4 Na7
30.Nxd6 Bxd6 31.f6 g6 32.Rf1 h5 33.Ra4 Nc6 34.Qb5 Kc7 35.Rfa1 Na5 36.Bxc5 bxc5
37.Qxa5+ Kd7 38.Qc3 Ke8 39.Qc4 Rb8 40.h3 Qb3 41.Ra8 Qxc4 42.dxc4 Rxa8 43.Rxa8+  1-0

[Event "53rd ch-BUL w"]
[Site "Sofia BUL"]
[Date "2004.02.25"]
[Round "9"]
[White "Zlatanova,E"]
[Black "Voiska,M"]
[Result "1/2-1/2"]
[WhiteElo "2126"]
[BlackElo "2358"]

1.e4 d6 2.d4 Nf6 3.Nc3 e5 4.dxe5 dxe5 5.Qxd8+ Kxd8 6.Bc4 Ke8 7.Nf3 Bd6 8.Bd2 c6
9.a4 a5 10.O-O h6 11.Rad1 Bc7 12.Be3 Bg4 13.Rd2 Nbd7 14.Ne1 Bb6 15.Bxb6 Nxb6
16.Bb3 Nfd7 17.f3 Be6 18.Bxe6 fxe6 19.b3 Nc5 20.Nd3 Nxd3 21.Rxd3 Rd8 22.Rfd1 Rxd3
23.Rxd3 Ke7 24.Ne2 Nd7 25.Rd1 Rc8 26.Kf2 b5 27.Nc3 b4 28.Nb1 Nb6 29.c4 Nd7
30.Rd3 Nc5 31.Re3 g5 32.Nd2 h5 33.h3 Rd8 34.Ke2 Rf8 35.Nf1 Rb8 36.Ng3 Nxa4
37.bxa4 b3 38.Nf1 b2 39.Nd2 b1=Q 40.Nxb1 Rxb1 41.c5 Rb2+ 42.Kf1 Rb4 43.Rd3 Rc4
44.Rb3 Kf6 45.Rb7 Rxc5 46.Ra7 Kg6 47.Kf2 Rc2+ 48.Kf1 Rc1+ 49.Kf2 Rc5 50.Kf1 Rc1+
51.Kf2 Rc2+ 52.Kf1  1/2-1/2

[Event "11th Metalis Open"]
[Site "Bizovac CRO"]
[Date "2004.02.26"]
[Round "1"]
[White "Padjen,Z"]
[Black "Dizdarevic,E"]
[Result "1/2-1/2"]
[WhiteElo "2122"]
[BlackElo "2520"]

1.e4 d6 2.d4 Nf6 3.Nc3 c6 4.f4 g6 5.Nf3 Bg7 6.Be2 O-O 7.a4 Bg4 8.O-O Nbd7
9.e5 Ne8 10.Ng5 Bxe2 11.Qxe2 Nc7 12.Kh1 c5 13.e6 Nxe6 14.Nxe6 fxe6 15.Qxe6+ Kh8
16.d5 Nf6 17.Bd2 Qd7 18.Rae1 Qxe6 19.Rxe6 Rf7 20.Rfe1 Bf8 21.g3 a6 22.a5 Kg8
23.Kg2 Ne8 24.R6e4 Rc8 25.Rc4 Bg7 26.Na4 Nc7 27.Nb6 Rd8 28.b4  1/2-1/2

[Event "Open"]
[Site "Jersey JCI"]
[Date "2004.02.26"]
[Round "5"]
[White "Gwaze,R"]
[Black "Heppell,I"]
[Result "1/2-1/2"]
[WhiteElo "2345"]
[BlackElo "2106"]

1.e4 d6 2.d4 Nf6 3.Nc3 Nbd7 4.Nf3 e5 5.g3 c6 6.a4 Be7 7.Bg2 Qc7 8.O-O O-O
9.b3 Re8 10.Bb2 Nf8 11.h3 Ng6 12.Qd2 Bd7 13.Rfe1 Rad8 14.d5 cxd5 15.exd5 Rc8
16.Qe3 Qb8 17.Nd2 Bf5 18.Rac1 Bd8 19.Nc4 Ne7 20.Ba3 Bc7 21.g4 Bg6 22.Red1 a6
23.a5 Rcd8 24.b4 h5 25.f3 Qc8 26.Bf1 hxg4 27.fxg4 Nxg4 28.hxg4 Qxg4+ 29.Kh2 Nf5
30.Qf2 Nd4 31.Qg3 Nf3+ 32.Kg2 Nh4+ 33.Kf2 Qf5+ 34.Kg1 Nf3+ 35.Kg2 e4 36.Bb2 Rc8
37.Be2 Bd8 38.Nxd6 Qd7 39.Nxe8 Bh4 40.Nf6+ Bxf6 41.Bxf3 exf3+ 42.Qxf3 Rc4
43.Re1 Rg4+ 44.Kf1 Bh5 45.Ne4 Bxb2 46.Ng3 Bxc1 47.Nxh5 Rg5 48.Ng3 Qh3+ 49.Qg2 Qxg2+
50.Kxg2 Bf4 51.Re8+ Kh7 52.Kf3 Bxg3 53.Re7 Bd6 54.Rxb7 Rxd5 55.c4 Re5 56.b5 f5
57.Rb6 axb5 58.a6 bxc4 59.Rxd6 c3 60.Rc6 Ra5 61.Kf4 g6 62.Kg5 c2 63.Rc7+ Kg8
64.Kxg6 Rxa6+  1/2-1/2

[Event "1st Balagne Open"]
[Site "Calvi FRA"]
[Date "2004.02.27"]
[Round "8"]
[White "Delabaca,R"]
[Black "Bojkov,D"]
[Result "0-1"]
[WhiteElo "2188"]
[BlackElo "2415"]

1.e4 d6 2.d4 Nf6 3.Nc3 e5 4.Nge2 c6 5.f3 b5 6.Be3 Be7 7.Qd2 Qa5 8.a3 h5 9.Nc1 a6
10.dxe5 dxe5 11.Nb3 Qc7 12.Qf2 Nbd7 13.Nc5 Nxc5 14.Bxc5 Be6 15.Rd1 Bxc5 16.Qxc5 Nd7
17.Qe3 f6 18.Be2 Ke7 19.O-O Qa7 20.Qxa7 Rxa7 21.Rd2 Nb6 22.Kf2 a5 23.Rb1 g6
24.Nd1 f5 25.Bd3 Rd7 26.exf5 gxf5 27.Re2 Kf6 28.Ne3 Na4 29.Ree1 h4 30.Red1 Rhd8
31.Re1 Rg8 32.Nd1 Nc5 33.Bf1 f4 34.Nc3 b4 35.axb4 axb4 36.Ne4+ Nxe4+ 37.Rxe4 b3
38.cxb3 Bf5  0-1

[Event "VII Malaga Open"]
[Site "Campillos ESP"]
[Date "2004.02.28"]
[Round "9"]
[White "Korneev,O"]
[Black "Cifuentes Parada,R"]
[Result "1/2-1/2"]
[WhiteElo "2566"]
[BlackElo "2505"]

1.e4 d6 2.d4 Nf6 3.Nc3 e5 4.dxe5 dxe5 5.Qxd8+ Kxd8 6.Bc4 Be6 7.Bxe6 fxe6
8.Be3 Bd6 9.f3 Ke7 10.Nh3 h6 11.Nf2 Nbd7 12.Nd3 c5 13.b3  1/2-1/2